| 000 | 00709nam a22002417a 4500 | ||
|---|---|---|---|
| 005 | 20170124105955.0 | ||
| 010 | _aB-307167 | ||
| 020 | _c340.00 | ||
| 035 | _aB-307167 | ||
| 037 | _bCen Lib/Ret | ||
| 040 |
_aDPL _bEN |
||
| 082 |
_a336.2 _bAHU |
||
| 100 |
_aAhuja, Grish _914496 |
||
| 245 |
_aSimplified approaches to incomtax & auditing / _cby Grish Ahuja [and] Ravi Gupta |
||
| 250 | _a13th ed | ||
| 260 |
_aNew Delhi _bFlair Publications _c2008 |
||
| 270 |
_bNew Delhi _aD-10, Kailash Colony _e110048 |
||
| 300 |
_a572p. _c21cm(pbk) |
||
| 650 |
_aCommerce _985612 |
||
| 650 |
_aIncometax & auditing _914497 |
||
| 700 |
_aGupta, Ravi _915310 |
||
| 942 |
_2ddc _cEN _h336.2 _mAHU |
||
| 999 |
_c125478 _d125478 |
||